000 00661nam a2200193 a 4500
005 20241203063722.0
008 991125s1955 mx 000 0 spa u
035 _aUPN01000042224
049 _aCG
050 4 _aF1321
_bI7.5
100 1 _aIturribarría, Jorge Fernando,
_d1902-1981
_928923
245 1 0 _aOaxaca en la historia :
_bde la época precolombina a los tiempos actuales /
_cJorge Fernando Iturribarría.
260 _aMéxico :
_bStylo,
_c1955.
300 _axxxv, 471 p.
440 0 _aPublicaciones de la Universidad Benito Juárez de Oaxaca
651 2 _aOaxaca
_xDescripción y viajes
_920506
651 4 _aOaxaca
_xHistoria
_914171
905 _aLibro
999 _c42224
_d42224